Fifa World Cup final goal scorers - Statistics

General Stats
  • This quiz has been taken 2,551 times
    1,279 since last reset
  • The average score is 23 of 69
Answer Stats
Hint Answer % Correct
2022 Argentina (2 goals) Lionel Messi
99%
2022 France (3 goals) Kylian Mbappe
98%
2018 France Kylian Mbappe
97%
2002 Brazil (2 goals) Ronaldo
93%
1998 France (2 goals) Zinedine Zidane
92%
2006 France Zinedine Zidane
92%
2010 Spain Andres Iniesta
90%
2022 Argentina Angel di Maria
90%
2014 Germany Mario Götze
89%
1958 Brazil (2 goals) Pele
85%
1970 Brazil Pele
85%
2018 France Antoine Griezmann
83%
2018 France Paul Pogba
80%
2018 Croatia (goal + own goal) Mario Mandzukic
79%
2018 Croatia Ivan Perisic
75%
1974 West Germany Gerd Müller
71%
2006 Italy Marco Materazzi
60%
1954 Hungary Ferenc Puskas
55%
1982 Italy Paolo Rossi
54%
1998 France Emmanuel Petit
47%
1978 Argentina (2 goals) Mario Kempes
46%
1966 England (3 goals) Geoff Hurst
36%
1970 Brazil Jairzinho
35%
1970 Brazil Carlos Alberto
33%
1986 West Germany Rudi Völler
32%
1990 West Germany Andreas Brehme
31%
1986 West Germany Karl-Heinz Rummenigge
29%
1958 Brazil (2 goals) Vava
28%
1962 Brazil Vava
28%
1974 Holland Johan Neeskens
23%
1986 Argentina Jorge Burruchaga
21%
1974 West Germany Paul Breitner
21%
1982 West Germany Paul Breitner
21%
1986 Argentina Jorge Valdano
20%
1954 West Germany (2 goals) Helmut Rahn
18%
1982 Italy Marco Tardelli
18%
1986 Argentina Jose Luis Brown
16%
1930 Argentina Guillermo Stabile
15%
1970 Brazil Gerson
14%
1962 Czechoslovakia Josef Masopust
14%
1982 Italy Alessandro Altobelli
13%
1938 Italy (2 goals) Silvio Piola
13%
1950 Uruguay Alcides Ghiggia
12%
1950 Uruguay Juan Alberto Schiaffino
12%
1958 Brazil Mario Zagallo
12%
1966 England Martin Peters
12%
1958 Sweden Nils Liedholm
10%
1970 Italy Roberto Boninsegna
10%
1978 Argentina Daniel Bertoni
9%
1978 Holland Dick Nanninga
9%
1954 West Germany Max Morlock
9%
1954 Hungary Zoltan Czibor
9%
1962 Brazil Amarildo
8%
1966 West Germany Helmut Haller
8%
1934 Italy Raimundo Orsi
8%
1934 Italy Angelo Schiavio
7%
1930 Uruguay Pedro Cea
7%
1966 West Germany Wolfgang Weber
7%
1962 Brazil Zito
7%
1934 Czechoslovakia Antonin Puc
6%
1950 Brazil Friaca
6%
1938 Hungary György Sarosi
6%
1958 Sweden Agne Simonsson
5%
1938 Italy (2 goals) Gino Colaussi
5%
1930 Uruguay Hector Castro
5%
1930 Uruguay Santos Iriarte
5%
1930 Argentina Carlos Peucelle
4%
1930 Uruguay Pablo Dorado
4%
1938 Hungary Pal Titkos
4%
No matching quizzes found
Score Distribution
Percent of People with Each Score
Percentile by Number Answered
Your Score History
You have not taken this quiz since the last reset